000 00515nam a2200181Ia 4500
005 20250508162724.0
008 008 250505s9999 xx 000 0 hin d
037 _aTextual
040 _aFEDL
_beng
_cFEDL
041 _ahin
_2eng
084 _a491.43, CHA
_qFEDL
100 _aChaturvedi Jagsish Prasad
_9773914
245 0 _aHindi ekata ki kadi
260 _aDelhi, India
_bSuchna aur Prasaran Mantralya
_c1981
300 _aiii,64p
942 _cTEXL
_h491.43, CHA
999 _c1378306
_d1378306